Mid - term review of the sixth Malaysia plan 1991-1995.

Bibliographic Details
Corporate Author: Economic Planning Unit. Prime Minister's Department
Format: Book
Published: Putrajaya: Economic Planning Unit, Prime Minister's Department, 1993.
Subjects:
LEADER 00730cam a2200193 7i4500
001 0000017704
005 20060620090000.0
022 0 0 |a 0128-8504 
090 0 0 |a M 338.9595   |b MAL 
110 2 0 |a Economic Planning Unit. Prime Minister's Department 
245 2 0 |a Mid - term review of the sixth Malaysia plan 1991-1995. 
260 0 0 |a Putrajaya:   |b Economic Planning Unit, Prime Minister's Department,   |c 1993. 
300 # # |a 272 p. 
650 0 0 |a Malaysia --   |x Economic conditions  
650 0 0 |a Malaysia --   |x Economic policy  
651 0 0 |a Malaysia  
999 |a B000004085  |b Book  |c Malaysia  |e Business Information Centre 
999 |a B000004084  |b Book  |c Malaysia  |e Business Information Centre 
999 |a 0000004126  |b Book  |c Malaysia  |e Business Information Centre